00341 a2200109 4500001001000000005001700010008004100027245007500068100001900143773005200162999001700214ART_3350020260410161707.0260409a 10aImpuestos internos. Justificación en el sistema tributario argentino1 aBaldo, Alberto0 tRevista Impuestosg- Nº 17 (sep. 2006)wREV639 c15753d15753